| 000 | 01810nam a22003377a 4500 | ||
|---|---|---|---|
| 999 |
_c21865 _d21865 |
||
| 003 | AR-CdUCM | ||
| 008 | 190425b ||||| |||| 00| 0 spa d | ||
| 040 |
_aMUNICIPALIDAD PROVINCIAL DEL CUSCO _cBIBLIOTECA MUNICIPAL DEL CUSCO |
||
| 082 | _aRev.DIMA/N°16-17/1957 | ||
| 110 |
_aInstituto y Museo Arqueológico de la Universidad Nacional del Cuzco _946550 |
||
| 245 |
_aRevista del Museo e Instituto Arqueológico / _cLuis A. Pardo, director, Universidad Nacional del Cuzco |
||
| 260 |
_aCusco : _bH.G. Rozas, _c1957. |
||
| 300 |
_a114 páginas. : _bilustraciones, 5 planos ; _c21 cm. |
||
| 440 |
_aRevista del Museo e Instituto Arqueológico. _nAño X, 1957. N°16-17. _946553 |
||
| 505 | _aContenido: Los monumentos arqueológicos de Ppisacc. Luis A. Pardo. -- La arqueología del Cuzco como historia cultural. John H. Rowe. -- ¿No será Choquepalta el nombre primitivo de Machu Picchu?. Warren L. Cook. -- Geología de la ciudad incaica de Machupicchu. Carlos Kalafatovich V. -- Del notable terremoto que hubo en la ciudad del Cuzco el año de 1650. Manuel E. Cuadros E. -- El champi según los cronistas. Carlos A. Galimberti Miranda. -- Memorias antiguas historiales y políticas del Perú. Fernando de Montesinos | ||
| 650 |
_aArqueología cusqueña _99322 |
||
| 650 |
_aArquitectura Inka _945226 |
||
| 650 |
_aInkas _91899 |
||
| 650 |
_aHistoria del Cusco _91714 |
||
| 650 |
_aMachupicchu _91751 |
||
| 650 |
_aSantuario Histórico de Machupicchu _916682 |
||
| 650 |
_aGeología _917044 |
||
| 700 |
_aPardo, Luis A _925736 |
||
| 700 |
_aRowe, John _946023 |
||
| 700 |
_aKalafatovich, Carlos _945994 |
||
| 700 |
_aWarren, Cook _946554 |
||
| 700 |
_aGalimberti Miranda, Carlos _946555 |
||
| 710 |
_aUniversidad Nacional de San Antonio Abad del Cusco _915942 |
||
| 942 |
_2ddc _cPP |
||
| 945 | _arac | ||